000 00484nam a2200169 a 4500
005 20140412111314.0
008 001109s19uu xx 00 eng d
020 _a971-529-023-X
050 _aFil E
_bKa11 1999
100 _aVillanueva, Rene O.
245 _aKagila-gilalas na kahon /
_cni Rene O. Villanueva ; guhit ni Beth Parrocha.
260 _aManila :
_bUNICEF,
_c1999.
300 _a[27] p. ; ill.
650 _aShort story
650 _aChildren stories
999 _c104160
_d104160